000 00342nam a2200133Ia 4500
008 240624s9999 xx 000 0 und d
041 _aeng
082 _a658.4093 VAN
100 _aVANDERKAM LAURA
245 _a168 HOURS YOU HAVE MORE TIME THAN YOU TH
260 _c2011
_aNew York
_bPortfolio Penguin
300 _a272 : p.
365 _c
_b30
999 _c24501
_d24501